Márquetin para bibliotecarios / (Record no. 60542)

MARC details
000 -LEADER
campo de control de longitud fija 00805nam a2200241 i 4500
001 - NÚMERO DE CONTROL
campo de control 60542
003 - IDENTIFICADOR DE NÚMERO DE CONTROL
campo de control ES-MaACL
005 - FECHA Y HORA DE LA ÚLTIMA TRANSACCIÓN
campo de control 20230906164244.0
007 - CAMPO FIJO DE DESCRIPCIÓN FÍSICA--INFORMACIÓN GENERAL
campo de control de longitud fija t|
008 - DATOS DE LONGITUD FIJA--INFORMACIÓN GENERAL
campo de control de longitud fija 031105s1970 sp ||||1| spa d
100 1# - ENTRADA PRINCIPAL--NOMBRE DE PERSONA
Nombre de persona Escolar Sobrino, Hipólito.
9 (RLIN) 47607
245 10 - MENCIÓN DEL TÍTULO
Título Márquetin para bibliotecarios /
Mención de responsabilidad, etc. Hipólito Escolar Sobrino.
260 ## - PUBLICACIÓN, DISTRIBUCIÓN, ETC.
Lugar de publicación, distribución, etc. Madrid :
Nombre del editor, distribuidor, etc. Asociación Nacional de Bibliotecarios, Archiveros y Arqueólogos,
Fecha de publicación, distribución, etc. [1970]
300 ## - DESCRIPCIÓN FÍSICA
Extensión 121 p. ;
Dimensiones 18 cm.
490 1# - MENCIÓN DE SERIE
Mención de serie Biblioteca profesional de ANABAD. III ;
Designación de volumen o secuencia 1
500 ## - NOTA GENERAL
Nota general Indice.
500 ## - NOTA GENERAL
Nota general Ded. autógr. del autor.
504 ## - NOTA DE BIBLIOGRAFÍA, ETC.
Nota de bibliografía, etc. Bibliografía.
650 #4 - PUNTO DE ACCESO ADICIONAL DE MATERIA--TÉRMINO DE MATERIA
Término de materia o nombre geográfico como elemento de entrada Bibliotecas-
Subdivisión general Marketing.
9 (RLIN) 156578
830 0# - PUNTO DE ACCESO ADICIONAL DE SERIE-TÍTULO UNIFORME
Título uniforme Biblioteca profesional de ANABAD. III ;
Designación de volumen o secuencia 1
9 (RLIN) 230561
852 ## - LOCALIZACIÓN
Ubicación ES-MaACL
Número de control de estantería L-10919
Sublocalización o colección R.111300
Holdings
Estatus retirado Estado de pérdida Estado de daño No para préstamo Biblioteca de origen Biblioteca actual Ubicación en estantería Fecha de adquisición Fuente de adquisición Total de préstamos Signatura topográfica completa Código de barras Visto por última vez Precio de reemplazo Tipo de ítem Koha
        Biblioteca del Ateneo de Madrid Biblioteca del Ateneo de Madrid Depósito 2 17/01/2008     L-10919 1063496 23/02/2023 23/02/2023 Libro impreso